000 01693nmm a2200481 a 4500
001 ocm0002016476
003 TR-IsHL
005 20201028175514.0
008 181029s2013 tu tur
007 cr cn
020 _a9786055988753
035 _a2016476
_b(N$T)
050 0 4 _aPL240
_b.K373 2013
090 0 4 _aPL240
_b.K373 2013
245 1 0 _aKardeş sesler 2013: hikâye, şiir, deneme
_h[electronic resource] /
_cyazarlar Atalay Yağmur, Azize Kaya, Bünyamin Zile, Büşra Demir, Büşra Konaktaş, Hatice Üzgül, Kamuran Öztürk, Kenan Dallı, Keziban Gülcan Kaya, Mehmet Fatih Mülayim, Nesrin Askeran Ünal, Sacide Uslu, Türkan Necefoğlu, Ülkü Taşlıova
250 _a1. Baskı
260 _aAnkara :
_bBengü Yayınları,
_c2013
300 _a282 p.
650 4 _aDil ve Edebiyat
650 4 _aLanguage and Literature
650 0 _aTürk edebiyatı
_x Hikayeler
650 0 _aShort stories, Turkish
650 0 _aTürk şiiri
650 0 _aTurkish poetry
650 0 _aTürk denemeleri
650 0 _aTurkish essays
650 7 _aLITERARY COLLECTIONS / Middle Eastern
_2bisacsh
700 1 _aYağmur, Atalay
700 1 _aKaya, Azize
700 1 _aZile, Bünyamin
700 1 _aDemir, Büşra
700 1 _aKonaktaş, Büşra
700 1 _aÜzgül, Hatice
700 1 _aÖztürk, Kamuran
700 1 _aDallı, Kenan
700 1 _aGülcan, Keziban
700 1 _aMülayim, Mehmet Fatih
700 1 _aÜnal, Nesrin Askeran
700 1 _aUslu, Sacide
700 1 _aNecefoğlu, Türkan
700 1 _aTaşlıova, Ülkü
856 4 0 _uhttp://search.ebscohost.com/login.aspx?direct=true&scope=site&db=e011xww&AN=2016476
999 _c18701
_d18701